El estatuto jurídico del empleado público en Derecho romano

Guardat en:
Dades bibliogràfiques
Autor principal: Varela Gil, Carlos (Autor)
Format: Llibre
Idioma:espanyol
Publicat: Madrid Dykinson S. L 2007
Edició:1a. ed
Matèries:
Etiquetes: Afegir etiqueta
Sense etiquetes, Sigues el primer a etiquetar aquest registre!

MARC

LEADER 00000cam a2200000 a 4500
001 UCD0699
003 CL-VaPUC
008 151210e20070000sp |||||||||||||||||spa|d
020 |a 9788498491036 
082 0 4 |a 340.54  |b VAR  |2 21 
100 |a Varela Gil, Carlos  |e author  |9 621339 
245 1 3 |a El estatuto jurídico del empleado público en Derecho romano 
250 |a 1a. ed 
300 |a 437 p 
942 |c BK 
945 |d 20151210 22:58:00  |a dcastane 
260 |a Madrid  |b Dykinson S. L  |c 2007 
650 0 |a Derecho romano  |9 255930 
650 7 |a SUCESION  |2 CL-VaPUC  |9 375829 
650 7 |a EMPLEADOS PUBLICOS  |2 CL-VaPUC  |9 256133 
650 0 |a Administración pública   |9 255343 
583 |a last modification  |c 20181011 10:55:46  |k Rodrigo Vera 
999 |c 362161  |d 362159 
952 |0 0  |1 0  |3 erb  |4 0  |6 340_540000000000000_VAR_2007  |7 0  |8 A  |9 473088  |a BIBDER  |b BIBDER  |i 5256518  |l 1  |m 1  |o 340.54 VAR 2007  |p 5256518  |r 2023-01-25  |s 2020-03-16  |w 2019-11-24  |y BK  |z Catalogado en:20151210  |k DER